| 000 | 00432nam a2200169Ia 4500 | ||
|---|---|---|---|
| 999 |
_c9795 _d9795 |
||
| 020 | _a1857431103 | ||
| 082 | _aRR 060 EUR- | ||
| 245 | 0 | _aEuropa directory of international organizations 2002 | |
| 250 | _a4th | ||
| 260 |
_aLondon _bEuropa Publications _c2002 |
||
| 300 | _axii,633 | ||
| 504 | _aincludes index | ||
| 650 | _aInternational organization | ||
| 700 | _aCanton, Helen | ||
| 700 | _aHolman, Catriona | ||
| 942 |
_cBK _2ddc |
||